LEADER 03736nam 22007094a 450 001 9910450074103321 005 20200520144314.0 010 $a978-615-5053-68-9 010 $a9786155053689 010 $a978-6-15505-368-9 010 $a615-5053-68-5 010 $a1-281-26861-5 010 $a9781423717503 010 $a9786611268619 010 $a1-4237-1750-3 035 $a(CKB)1000000000242583 035 $a(EBL)3137184 035 $a(SSID)ssj0000123416 035 $a(PQKBManifestationID)11145320 035 $a(PQKBTitleCode)TC0000123416 035 $a(PQKBWorkID)10011091 035 $a(PQKB)10334897 035 $a(MiAaPQ)EBC3137184 035 $a(OCoLC)61191647 035 $a(MdBmJHUP)muse25941 035 $a(Au-PeEL)EBL3137184 035 $a(CaPaEBR)ebr10118484 035 $a(CaONFJC)MIL126861 035 $a(OCoLC)939263341 035 $a(EXLCZ)991000000000242583 100 $a20050309d2005 uy 0 101 0 $aeng 135 $aur|n|---||||| 181 $ctxt 182 $cc 183 $acr 200 10$aClimate dependence and food problems in Russia, 1900-1990$b[electronic resource] $ethe interaction of climate and agricultural policy and their effect on food problems /$fby Nikolai M. Dronin and Edward G. Bellinger 210 $aBudapest ;$aNew York $cCentral European University Press$dc2005 215 $a1 online resource (360 p.) 300 $aDescription based upon print version of record. 311 $a963-7326-10-3 320 $aIncludes bibliographical references (p. [345]-360) and index. 327 $aIntroduction: climate and agriculture in Russia -- The availability and reliability of statistical agricultural data for Russia -- The pre-revolutionary period (before 1916) -- The post-revolutionary decade (1917-1928) -- The Stalin era (1929-1953) -- The post-Stalin period (after 1953) -- Summary -- The pre-revolutionary period (1900-1916) -- Major developments in agriculture -- Weather variations and agricultural production -- Food problems -- Summary -- The post-revolutionary period (1917-1928) -- Major developments in agriculture -- Weather variations and agricultural production -- Food problems -- Summary -- The collectivization of Soviet agriculture (1929-1940) -- Major developments in agriculture -- Weather variations and agricultural production -- Food problems -- Summary -- The post-war recovery period (1945-1954) -- Major developments in agriculture -- Weather variations and agricultural production -- Food problems -- Summary -- The virgin lands campaign (1955-1964) -- Major developments in agriculture -- Weather variations and agricultural production -- Food problems -- Summary -- The period of agricultural intensification (1965-1975) -- Major developments in agriculture -- Weather variations and agricultural production -- Food problems -- Summary -- The period of agricultural stagnation (1976-1990) -- Major developments in agriculture -- Weather variations and agricultural production -- Food problems -- Summary. 606 $aAgriculture and state$zSoviet Union 606 $aAgriculture and state$zRussia 606 $aCrops and climate$zSoviet Union 606 $aCrops and climate$zRussia 608 $aElectronic books. 615 0$aAgriculture and state 615 0$aAgriculture and state 615 0$aCrops and climate 615 0$aCrops and climate 676 $a338.1/947/0904 700 $aDronin$b N. M$01004180 701 $aBellinger$b E. G$0984756 801 0$bMiAaPQ 801 1$bMiAaPQ 801 2$bMiAaPQ 906 $aBOOK 912 $a9910450074103321 996 $aClimate dependence and food problems in Russia, 1900-1990$92306399 997 $aUNINA